| 000 | 01222cam a22003498a 4500 | ||
|---|---|---|---|
| 001 | 15777525 | ||
| 005 | 20160525114015.0 | ||
| 008 | 090616s2010 enk b 001 0 eng | ||
| 010 | _a 2009023907 | ||
| 020 | _a9780415495479 (hardback : alk. paper) | ||
| 020 | _a9780203863480 (ebook) | ||
| 040 |
_aDLC _cDLC |
||
| 043 | _af-ua--- | ||
| 050 | 0 | 0 |
_aJQ3881 _b.S54 2010 |
| 082 | 0 | 0 |
_a320.962 _222 _bSHE |
| 100 | 1 |
_aShehata, Dina. _911622 |
|
| 245 | 1 | 0 |
_aIslamists and secularists in Egypt : _bopposition, conflict & cooperation / _cDina Shehata. |
| 260 |
_aMilton Park, Abingdon, Oxon ; _aNew York : _bRoutledge, _cc.2010. |
||
| 263 | _a0912 | ||
| 300 |
_a179p: _bill; _c25 cm. |
||
| 490 | 0 |
_aRoutledge studies in middle eastern politics ; _v17 |
|
| 500 | _aIncludes Index. | ||
| 504 | _aIncludes bibliographical references and index. | ||
| 650 | 0 |
_aDemocratization _zEgypt. _911623 |
|
| 650 | 0 |
_aPolitical parties _zEgypt. _911624 |
|
| 650 | 0 |
_911625 _aIslam and politics _zEgypt |
|
| 650 | 0 |
_911626 _aAuthoritarianism _zEgypt |
|
| 650 | 0 |
_911627 _aMuslims _zEgypt _xSocial conditions |
|
| 651 | 0 |
_911628 _aEgypt _xPolitics and government |
|
| 942 |
_2ddc _cBB |
||
| 999 |
_c13449 _d13449 |
||